| 000 | 00844nam a22002777a 4500 | ||
|---|---|---|---|
| 003 | CHAP | ||
| 005 | 20220329140917.0 | ||
| 008 | 971013s1994 r 00010 d | ||
| 010 | _a59664 | ||
| 011 | _a60636 | ||
| 035 | _a64798 | ||
| 040 | _cCHAP | ||
| 082 |
_a581.5 _bC34 |
||
| 100 | 0 | 0 |
_aCapon, Brian. _918716 |
| 245 | _aPlant survival adapting to a hostile world | ||
| 260 |
_aPortland, Oregon : _bTimber Press, _c1994 |
||
| 300 |
_a132 p. _b: ilus. |
||
| 590 |
_aBATCH-UPD _b10 _c20130110 _lUCH01 _h0417 |
||
| 590 |
_aBATCH-UPD _b10 _c20130410 _lUCH01 _h0052 |
||
| 590 |
_aBATCH-UPD _b10 _c20130913 _lUCH01 _h1928 |
||
| 590 |
_aCONVERSION _b10 _c20130109 _lUCH01 _h1332 |
||
| 650 | 1 | 4 |
_aAdaptación vegetal. _9880 |
| 901 | _aBK | ||
| 942 | _cLIBRO | ||
| 949 |
_a581.5 C34 _bBC _cLIBRO _d33724000084109 _eLIBRO _gI. 181155 _h90168 _i64798 _si _t141.00 |
||
| 999 |
_c59664 _d59664 |
||